| 000 | 00405nam a2200145Ia 4500 | ||
|---|---|---|---|
| 005 | 20251222152034.0 | ||
| 008 | 251222s9999||||xx |||||||||||||| ||spa|| | ||
| 020 | _a9786124118166 | ||
| 082 | _a344.01/I52 | ||
| 100 | _aInfantes Cárdenas, Gisela Margot | ||
| 245 | 0 | _aManual de Obligaciones del Empleador y Beneficios del Trabajador | |
| 250 | _a1ra. ed. | ||
| 264 | _bPacífico Editores | ||
| 942 | _cLIB | ||
| 999 |
_c25780 _d25780 |
||